LEADER 01176nam--2200385---450- 001 990002890180203316 005 20091112142728.0 010 $a1-84376-491-1 035 $a000289018 035 $aUSA01000289018 035 $a(ALEPH)000289018USA01 035 $a000289018 100 $a20070328d2006----km-y0itay50------ba 101 $aeng 102 $aGB 105 $a||||||||001yy 200 1 $aAsean and East Asian International Relations$eregional delusion$fDavid Martin Jones, M.L.R. Smith 210 $aCheltenham$cEdward Elgar$d2006 215 $aXI, 269 p.$d24 cm 410 0$12001 454 1$12001 461 1$1001-------$12001 606 0 $aRegionalismo$yAsia 676 $a337.16 700 1$aJONES,$bDavid Martin$0596424 701 1$aSMITH,$bM.L.R.$0596425 801 0$aIT$bsalbc$gISBD 912 $a990002890180203316 951 $aXXIII.2.D. 201 (IG VIII 16 ING 1179)$b54468 G.$cXXIII.2.D. 201 (IG VIII 16 ING)$d00123476 959 $aBK 969 $aGIU 979 $aFIORELLA$b90$c20070328$lUSA01$h1151 979 $aRSIAV5$b90$c20091112$lUSA01$h1427 996 $aAsean and East Asian International Relations$9989750 997 $aUNISA LEADER 02421nam2 22005173i 450 001 VAN0266341 005 20240111040424.590 017 70$2N$a9789400945647 100 $a20231107d1986 |0itac50 ba 101 $aeng 102 $aNL 105 $a|||| ||||| 200 1 $aˆVol. 1: ‰Critical Points Theory$fVadim Komkov 210 $aDordrecht$cD. Reidel$d1986 215 $a400 p.$cill.$d24 cm 410 1$1001VAN0022423$12001 $aMathematics and its applications$1210 $aDordrecht$cReidel ; [poi] Kluwer$v24 461 1$1001VAN0266340$12001 $aVariational Principles of Continuum Mechanics with Engineering Applications$fVadim Komkov$1210 $aDordrecht$cD. Reidel$1215 $avolumi$cill.$d24 cm$v1 606 $a74-XX$xMechanics of deformable solids [MSC 2020]$3VANC022466$2MF 606 $a74K20$xPlates [MSC 2020]$3VANC022467$2MF 606 $a49Sxx$xVariational principles of physics [MSC 2020]$3VANC022750$2MF 606 $a74K10$xRods (beams, columns, shafts, arches, rings, etc.) [MSC 2020]$3VANC023318$2MF 606 $a74H45$xVibrations in dynamical problems in solid mechanics [MSC 2020]$3VANC023347$2MF 606 $a74H55$xStability of dynamical problems in solid mechanics [MSC 2020]$3VANC023466$2MF 606 $a74Pxx$xOptimization problems in solid mechanics [MSC 2020]$3VANC029091$2MF 610 $aCalculus of variations$9KW:K 610 $aComputational fluid dynamics$9KW:K 610 $aContinuum Mechanics$9KW:K 610 $aElasticity$9KW:K 610 $aFiltering$9KW:K 610 $aIntegrable Systems$9KW:K 610 $aMeasure$9KW:K 610 $aMeasure Theory$9KW:K 610 $aMechanics$9KW:K 610 $aStability$9KW:K 610 $aVariational principles$9KW:K 620 $aNL$dDordrecht$3VANL000068 700 1$aKomkov$bVadim$3VANV208691$056546 712 $aReidel $3VANV108441$4650 801 $aIT$bSOL$c20240112$gRICA 856 4 $uhttps://doi.org/10.1007/978-94-009-4564-7$zE-book ? Accesso al full-text attraverso riconoscimento IP di Ateneo, proxy e/o Shibboleth 899 $aBIBLIOTECA DEL DIPARTIMENTO DI MATEMATICA E FISICA$1IT-CE0120$2VAN08 912 $fN 912 $aVAN0266341 950 $aBIBLIOTECA DEL DIPARTIMENTO DI MATEMATICA E FISICA$d08CONS e-book 7163 $e08eMF7163 20231113 996 $aCritical Points Theory$93580020 997 $aUNICAMPANIA LEADER 01984nam0 2200433 i 450 001 VAN0104191 005 20220223033401.229 017 70$2N$a978-3-662-43696-7 100 $a20151214d2014 |0itac50 ba 101 $aeng 102 $aDE 105 $a|||| ||||| 200 1 $aSemigroups, boundary value problems and Markov processes$fKazuaki Taira 205 $a2. ed 210 $aBerlin$cSpringer$d2014 215 $aXIX, 716 p.$cill.$d24 cm 410 1$1001VAN0030486$12001 $aSpringer monographs in mathematics$1210 $aBerlin [etc.]$cSpringer 500 1$3VAN0241355$aSemigroups, boundary value problems and Markov processes$91101548 606 $a35J25$xBoundary value problems for second-order elliptic equations [MSC 2020]$3VANC019840$2MF 606 $a60J35$xTransition functions, generators and resolvents [MSC 2020]$3VANC021476$2MF 606 $a60J60$xDiffusion processes [MSC 2020]$3VANC021477$2MF 606 $a47D07$xMarkov semigroups and applications to diffusion processes [MSC 2020]$3VANC021642$2MF 610 $aBoutet de Monvel Calculus$9KW:K 610 $aElliptic Boundary Value Problem$9KW:K 610 $aFeller Semigroup$9KW:K 610 $aMarkov process$9KW:K 610 $aPartial differential equations$9KW:K 610 $aPseudo-differential operator$9KW:K 620 $dBerlin$3VANL000066 700 1$aTaira$bKazuaki$3VANV045136$059537 712 $aSpringer $3VANV108073$4650 801 $aIT$bSOL$c20240614$gRICA 856 4 $uhttp://dx.doi.org/10.1007/978-3-662-43696-7$zE-book ? Accesso al full-text attraverso riconoscimento IP di Ateneo, proxy e/o Shibboleth 899 $aBIBLIOTECA CENTRO DI SERVIZIO SBA$2VAN15 912 $fN 912 $aVAN0104191 950 $aBIBLIOTECA CENTRO DI SERVIZIO SBA$d15CONS SBA EBOOK 4394 $e15EB 4394 20191106 996 $aSemigroups, boundary value problems and Markov processes$91101548 997 $aUNICAMPANIA LEADER 02366nam0 2200565 i 450 001 VAN00103472 005 20260212120150.18 017 70$2N$a9783319068206 100 $a20151110d2014 |0itac50 ba 101 $aeng 102 $aCH 105 $a|||| ||||| 181 $ai$b e 182 $ab 183 $acr 200 1 $aDynamical systems with applications using MATLAB®$fStephen Lynch 205 $a2. ed 210 $aCham$cBirkhäuser$cSpringer$d2014 215 $aXV, 514 p.$cill.$d24 cm 500 1$3VAN00240967$aDynamical systems with applications using MATLAB$91410329 606 $a28A80$xFractals [MSC 2020]$3VANC020040$2MF 606 $a34-XX$xOrdinary differential equations [MSC 2020]$3VANC021251$2MF 606 $a37-XX$xDynamical systems and ergodic theory [MSC 2020]$3VANC020363$2MF 606 $a49K15$xOptimality conditions for problems involving ordinary differential equations [MSC 2020]$3VANC024589$2MF 606 $a78A60$xLasers, masers, optical bistability, nonlinear optics [MSC 2020]$3VANC029030$2MF 606 $a80A30$xChemical kinetics in thermodynamics and heat transfer [MSC 2020]$3VANC031249$2MF 610 $aChaos control and synchronization$9KW:K 610 $aDynamical systems$9KW:K 610 $aGröbner Bases$9KW:K 610 $aImage processing$9KW:K 610 $aMATLAB$9KW:K 610 $aMathematical methods in engineering$9KW:K 610 $aMathematical modeling$9KW:K 610 $aMuPad$9KW:K 610 $aNormal forms$9KW:K 610 $aOrdinary Differential Equations$9KW:K 610 $aPerturbation$9KW:K 610 $aSIMULINK$9KW:K 620 $aCH$dCham$3VANL001889 700 1$aLynch$bStephen$3VANV036281$023315 712 $aBirkhäuser $3VANV108193$4650 712 $aSpringer $3VANV108073$4650 801 $aIT$bSOL$c20260213$gRICA 856 4 $uhttp://dx.doi.org/10.1007/978-3-319-06820-6$zE-book ? Accesso al full-text attraverso riconoscimento IP di Ateneo, proxy e/o Shibboleth 899 $aBIBLIOTECA CENTRO DI SERVIZIO SBA$2VAN15 912 $fN 912 $aVAN00103472 950 $aBIBLIOTECA CENTRO DI SERVIZIO SBA$d15CONS SBA EBOOK 4596 $e15EB 4596 20191106 996 $aDynamical systems with applications using MATLAB$91410329 997 $aUNICAMPANIA